| 000 | 00000nam 2200000zi 4500 |
| 001 | 9.952985 |
| 003 | CaOODSP |
| 005 | 20250826091349 |
| 006 | m o d f |
| 007 | cr mn||||||||| |
| 008 | 250708t20252025onc o f000 0 eng d |
| 020 | |a9780660780528 |
| 040 | |aCaOODSP|beng|erda|cCaOODSP |
| 043 | |an-cn--- |
| 045 | |ay2y2 |
| 086 | 1 |aH14-659/2025E-PDF |
| 245 | 00|aSeasonal respiratory vaccination coverage survey, 2024-2025 : |breport / |csubmitted to the Public Health Agency of Canada. |
| 264 | 1|a[Ottawa] : |bPublic Health Agency of Canada = Agence de la santé publique du Canada, |c2025. |
| 264 | 4|c©2025 |
| 300 | |a1 online resource (43 pages) |
| 336 | |atext|btxt|2rdacontent |
| 337 | |acomputer|bc|2rdamedia |
| 338 | |aonline resource|bcr|2rdacarrier |
| 500 | |aIssued also in French under title: Enquête sur la couverture vaccinale contre les infections respiratoires saisonnières, 2024-2025 : rapport. |
| 500 | |a"Contract number: CW2380590." |
| 500 | |a"Prepared by: Leger." |
| 500 | |a"Delivery date: March 31, 2025." |
| 500 | |a"Registration number: POR 069-24." |
| 520 | |a"Leger is pleased to submit this methodological report to the Public Health Agency of Canada (PHAC) of a quantitative survey assessing vaccination coverage against seasonal influenza, COVID-19, and respiratory syncytial virus among the Canadian population. … The primary objective of the research is to provide national vaccination coverage estimates for the seasonal influenza vaccine. Specifically, the survey will be used to: measure adults' knowledge, attitudes and beliefs towards the seasonal influenza vaccine; determine reasons for vaccination or non-vaccination; identify places of vaccination (i.e. pharmacy, doctor's office, or vaccination centre); identify factors associated with vaccine uptake; measure COVID-19 vaccination coverage and attitudes toward the flu, COVID-19, and RSV vaccines co-administration; and assess awareness and vaccination coverage regarding the RSV vaccine. …"--Summary, pages 4, 5. |
| 650 | 0|aInfluenza|xVaccination|zCanada|xPublic opinion. |
| 650 | 0|aCOVID-19 (Disease)|xVaccination|zCanada|xPublic opinion. |
| 650 | 0|aRespiratory infections|xVaccination|zCanada|xPublic opinion. |
| 650 | 0|aInfluenza vaccines|zCanada|xPublic opinion. |
| 650 | 0|aCOVID-19 vaccines|zCanada|xPublic opinion. |
| 650 | 0|aViral vaccines|zCanada|xPublic opinion. |
| 650 | 0|aPublic opinion|zCanada. |
| 710 | 2 |aPublic Health Agency of Canada, |eissuing body. |
| 710 | 2 |aLéger Marketing, |econsultant. |
| 775 | 08|tEnquête sur la couverture vaccinale contre les infections respiratoires saisonnières, 2024-2025 : |w(CaOODSP)9.952993 |
| 856 | 40|qPDF|s838 KB|uhttps://publications.gc.ca/collections/collection_2025/aspc-phac/H14-659-2025-eng.pdf|zReport |
| 856 | 4 |qHTML|sN/A|uhttps://epe.bac-lac.gc.ca/100/200/301/pwgsc-tpsgc/por-ef/public_health_agency_canada/2025/069-24-e/index.html|zComplete dataset |